| 000 | 01401 a2200205 4500 | ||
|---|---|---|---|
| 001 | 54296 | ||
| 005 | 20260407155814.0 | ||
| 008 | 260407a2005 arg spa d | ||
| 003 | AR-UNSa-BCEJYS | ||
| 040 |
_aAR-UNSa-BCEJYS _bspa _cAR-UNSa-BCEJYS |
||
| 080 |
_a336.11 _xFinanzas públicas como estudio de la gestión financiera. Teoría, métodos de las finanzas públicas en general |
||
| 245 | 1 | 0 |
_aEl imperio de las finanzas _psobre las economías, las empresas y los ciudadanos |
| 020 | _a987-545-342-0 | ||
| 264 | 1 |
_aBuenos Aires : _bGrupo Editorial Norma _c2005 |
|
| 300 |
_a358 p. _c21 cm. |
||
| 505 | _a1. Bienvenidos al casino global - 2. Liberalización. desregulación, especulación - 3. Quién es quién(y qué hace cada uno) en el mercado financiero global - 5. Teorías y realidades de las finanzas globales - 6. Riesgos elevados, conductas imprudentes, redes endebles - 7. El camino de la crisis - 8. La argentina en la trampa financiera - 9. El gran trauma:La crisis asiática - 10. Volatilidad de capitales y vulnerabilidad de la periferia - 11. Las empresas como apuesta financiera - 12. Delitos globales en las finanzas globales - 13. Jubiaciones en el casino - 14. Regulando al capital financiero(O la larga lucha del dinero por su libertad - 15. Opciones para un nuevo orden fianancioero | ||
| 942 | _cBK | ||
| 590 | _aniveau_biblio:m niveau_hierar:0 | ||
| 100 | 1 | _aSevares, Julio | |
| 999 |
_c5465 _d5465 |
||